00366nam a2200157Ia 4500008004100000082001000041100002400051245001700075260001800092300000800110501003200118600001200150630001700162700001200179730001700191090122s9999 xx 000 0 und d b12763 aOctopusbIndiacPub aTell me Why? bOctopusc2004 a207 a"Rohit Book Centre, Kalyan" aOctopus aTell me Why? aOctopus aTell me Why?